Address to the Board of Governors (Record no. 83657)
[ view plain ]
| 000 -LEADER | |
|---|---|
| fixed length control field | 00975nam a2200205 a 4500 |
| 008 - FIXED-LENGTH DATA ELEMENTS--GENERAL INFORMATION | |
| fixed length control field | 120416s1992 ||||||||||||||||| || u |
| 020 ## - INTERNATIONAL STANDARD BOOK NUMBER | |
| International Standard Book Number | 0821322842 |
| 050 ## - LIBRARY OF CONGRESS CALL NUMBER | |
| Classification number | IBRD(06)AS/1992/1 |
| 100 ## - MAIN ENTRY--PERSONAL NAME | |
| Personal name | Preston, Lewis T |
| 245 10 - TITLE STATEMENT | |
| Title | Address to the Board of Governors |
| Statement of responsibility, etc. | by Lewis T. Preston, World Bank President, Bangkok, Thailand, Octber 15, 1991 |
| 260 ## - PUBLICATION, DISTRIBUTION, ETC. | |
| Place of publication, distribution, etc. | Washington, D. C. |
| Name of publisher, distributor, etc. | World Bank |
| Date of publication, distribution, etc. | 1992 |
| 300 ## - PHYSICAL DESCRIPTION | |
| Extent | 12p. |
| 350 ## - | |
| -- | 0.00 |
| 490 ## - | |
| -- | Addresses and statements |
| 500 ## - GENERAL NOTE | |
| General note | Washington D.C. September 22, 1992 and Bangkok, Thailand October 15, 1991 |
| 650 ## - SUBJECT ADDED ENTRY--TOPICAL TERM | |
| Topical term or geographic name entry element | WORLD BANK--PRESIDENTS--ADDRESSES, ESSAYS, LECTURES |
| 710 ## - ADDED ENTRY--CORPORATE NAME | |
| Corporate name or jurisdiction name as entry element | World Bank |
| 995 ## - | |
| -- | SPECIAL COLLECTIONS |
| -- | 0.00 |
| -- | 024969 |
| -- | CBU-MAIN LIBRARY (Kitwe) |
| -- | 1 |
| -- | 0.00 |
| -- | IBRD(06)AS/1992/1 |
| -- | 1 |
| -- | AVAILABLE |
| -- | 024969 |
| -- | International Publications |
| 995 ## - | |
| -- | SPECIAL COLLECTIONS |
| -- | 0.00 |
| -- | 024917 |
| -- | CBU-MAIN LIBRARY (Kitwe) |
| -- | 1 |
| -- | 0.00 |
| -- | IBRD(058)ABG/1991B |
| -- | 2 |
| -- | AVAILABLE |
| -- | May 21, 2007 |
| -- | 024917 |
| -- | International Publications |
| 999 ## - | |
| -- | 83657 |
| -- | 83657 |
| Withdrawn status | Lost status | Source of classification or shelving scheme | Damaged status | Not for loan | Permanent Location | Current Location | Shelving location | Date acquired | Total Checkouts | Full call number | Barcode | Date last seen | Copy number | Price effective from | Koha item type |
|---|---|---|---|---|---|---|---|---|---|---|---|---|---|---|---|
| CBU-MAIN LIBRARY, KITWE. | CBU-MAIN LIBRARY, KITWE. | 01/08/2024 | IBRD(06)AS/1992/1 | 024969 | 01/08/2024 | 1 | 01/08/2024 | SPECIAL COLLECTION | |||||||
| CBU-MAIN LIBRARY, KITWE. | CBU-MAIN LIBRARY, KITWE. | 01/08/2024 | IBRD(06)AS/1991B | 024917 | 01/08/2024 | 2 | 01/08/2024 | SPECIAL COLLECTION |